02720nam a2200433 i 4500001001000000003000900010005001700019007000300036008004100039020001500080040003000095082003400125100004900159245012700208250001200335264003700347300006200384336002700446337003300473338002800506500006100534504003100595505054500626590002701171650004501198650005801243650003901301650006801340650005201408650002301460700004601483710008701529910004101616942001401657952014601671952024201817952021002059999001702269000024646DO-SdBNP20250916101735.0ta100519s2001 dr abc 001 0 spa d a9768175273 aDO-SdBNPbspacBNPHUerda 4a306.362097293bA333a 20012221 aAlbert Batista, Celsa,d1942-930639eautora14aLos africanos y nuestra isla :b(historia, cultura e identidad) /cCelsa Albert Batista ; prólogo Leyda Oquendo Barrios. a5ª ed. aSanto Domingo :bINDAASELc2001. a59 páginas :bilustraciones, mapas, retratos. ;c22 cm. 2rdacontentatextobtxt 2rdamediaasin mediaciónbn 2rdacarrieravolumenbnc aIncluye datos biográficos de la autora en las solapas. aBibliografía : p. 55-59.0 aPrólogo /rLeyda Oquendo Barrios --gIntroducción --tLos africanos y nuestra isla --t¿Qué hacían los africanos y africanas al ser traídos a la isla? --t¿A quién le gusta ser esclavo? --t¿Por qué somos mulatos los dominicanos? --tAlgo más sobre nuestra historia (Isla Tortuga y Santo Domingo) --t¿Cuando los esclavos alcanzan su libertad en nuestra isla? --t"En la búsqueda de la independencia" --tEl mundo en que vivimos --tEl pueblo y la cultura dominicana --tMicaela: leyenda e historia --gBibliografía. aInventariado, 2018/MFF 4aAfricanoszRepública Dominicana940536 4aEsclavitud en república dominicanaxHistoria921364 0aTrata de esclavosxHistoria921366 4aNegrosxVida social y costumbreszRepública Dominicana940538 4aNegroszRepública DominicanaxHistoria917935 0aEsclavitud 9213671 aOquendo Barrios, Leyda,eprólogo9505662 aInstituto Dominicano de Estudios Africanos y Asiáticos Sebastián Lemba.940540 aValidado. Control de calidad MMOLINA 2ddccLBS1 00102ddc51708PDaBNPHUbBNPHUcHDd2011-02-02l0oBNPHU PD 306.362097293 A333a 2001p24646-10r2020-06-25w2020-06-25yLBS1ZNo se presta 00102ddc51708PDaBNPHUbBNPHUcHDd2015-08-04eDonaciónl0oBNPHU PD 306.362097293 A333a 2001p24646-20r2020-06-25te. 2w2020-06-25yLBS1zPerteneció a la biblioteca personal de Chiqui Vicioso / Fidelio Despradel.ZNo se presta 00102ddc56708DSaBNPHUbBNPHUcHDd2024-01-23eDonaciónl0oBNPHU DS 306.362097293 A333a 2001p2024-0386r2024-01-23te.3w2024-01-23yLBS1zPerteneció a la biblioteca personal de Bárbara Suncar. c24139d24139